| 000 | 00412nam a2200145Ia 4500 | ||
|---|---|---|---|
| 008 | 231129s2000||||xx |||||||||||||| ||spa|| | ||
| 020 | _a968-16-6199-0 | ||
| 040 | _bspa | ||
| 082 | _a530.12 C626f | ||
| 100 | _aClemente de la Torre Alberto | ||
| 245 | 0 | _aFísica cuántica para filo-sofos | |
| 260 | _c2000 | ||
| 264 | _aFondo de Cultura Económica | ||
| 942 |
_2ddc _cBKS |
||
| 999 |
_c14023 _d14023 |
||